History Quiz

Random History or State Quiz

Royal & Presidential USA Quiz Stats

 Plays Quiz not verified by Sporcle

Challenge
Share
Tweet
Embed
Score 0/13 Timer 06:00
0 Plays Today
State % Correct
Washington (named for President George Washington)
91.1%
Virginia (named for Queen Elizabeth I of England, the 'Virgin Queen')
82.2%
Georgia (named for King George II of England)
80%
North Carolina (named for King Charles I of England)
80%
South Carolina (named for King Charles I of England)
80%
Jefferson City MO (named for President Thomas Jefferson)
75.6%
Lincoln NE (named for President Abraham Lincoln)
75.6%
Jackson MS (named for President Andrew Jackson)
73.3%
Maryland (named for Queen Henrietta Maria of England, queen to King Charles I)
71.1%
Louisiana (named for King Louis XIV of France)
68.9%
West Virginia (named for Queen Elizabeth I of England, the 'Virgin Queen')
62.2%
Madison WI (named for President James Madison)
62.2%
Annapolis MD (named for Queen Anne of England)
42.2%

You're not logged in!

Compare scores with friends on all Sporcle quizzes.
Join for Free
OR
Log In

You Might Also Like...

Show Comments

Extras

Top Quizzes Today


Score Distribution

Your Account Isn't Verified!

In order to create a playlist on Sporcle, you need to verify the email address you used during registration. Go to your Sporcle Settings to finish the process.

Report this User

Report this user for behavior that violates our Community Guidelines.

Details: